[Event "7th RTU Open 2017"]
[Site "Riga"]
[Date "2017.08.11"]
[Round "7"]
[White "Sasikiran, Krishnan"]
[Black "Lei, Tingjie"]
[Result "1/2-1/2"]
[WhiteElo "2688"]
[BlackElo "2514"]
[Annotator "TA"]
[PlyCount "65"]
[EventDate "2017.??.??"]
[EventType "swiss"]
[EventCountry "LAT"]
[SourceTitle "playchess.com"]
[Source "ChessBase"]
[SourceQuality "1"]

{[%evp 13,65,32,55,6,6,7,12,3,7,5,9,7,12,0,0,2,16,27,17,-25,-2,-13,44,33,24,-35,-17,-12,-10,-31,-31,-56,-24,-62,-52,-97,-94,-75,-75,-85,-59,-100,-27,-27,-18,-27,-16,-10,0,-16,0,-17,-18,-25]} 1. e4 c6 {[%cal Bc7c6,Bc6c5][%mdl 32]} 2. d4 d5 3. e5 Bf5 4. Nf3 e6 5. Be2 c5 6. Be3 Qb6 7. Nc3 Nc6 8. Bb5 {B12: Caro-Kann: Advance Variation} c4 9. Nh4 Bg6 10. O-O Bb4 11. Bxc6+ $146 ({Find the theoretical novelty and annotate with similar games:} 11. Bxc4 Bxc3 12. bxc3 dxc4 13. d5 Qc7 14. dxc6 Qxc6 15. Nf3 Ne7 {½-½ (29) Gashimov,V (2759)-Vallejo Pons,F (2705) Linares 2010}) 11... Qxc6 12. Ne2 Bh5 13. f3 Be7 14. Qe1 f6 (14... Bg6 $5) 15. Qg3 Bf8 16. exf6 (16. Qh3 $5 {[%cal Re2f4]}) 16... Nxf6 17. Rae1 Rg8 ({Better is} 17... O-O-O $11) 18. Bg5 $1 $14 {[%cal Rg5f6]} Bf7 19. Qh3 (19. f4 $1 $11) 19... h6 20. Bxf6 $1 gxf6 21. f4 (21. Nf4 $5 {[%cal Rf4e6]} Kd7 22. g3 $11) 21... O-O-O $36 {[%mdl 2048] White is under pressure.} 22. f5 e5 $1 23. Ng6 Bd6 24. Qh4 Bxg6 25. fxg6 Rxg6 26. Rxf6 Rxf6 27. Qxf6 exd4 ({Black should try} 27... Qb6 $17 28. c3 Qxb2 29. Qf5+ Kb8) 28. Qf5+ $11 Qd7 29. Nxd4 Bc5 30. Qe5 {The position is equal.} Qc7 {[#] Strongly threatening ...Qxe5.} 31. Qf5+ Qd7 {( -> ...Qxf5)} (31... Kb8 $5 {[%cal Rc5d4]} 32. c3 Qb6 $11) 32. Qe5 Qd6 {Threatens to win with ...Qxe5.} 33. Qf5+ {Precision: White = 47%, Black = 49%.} 1/2-1/2

[Event "7th RTU Open 2017"]
[Site "Riga"]
[Date "2017.08.11"]
[Round "7"]
[White "Nabaty, Tamir"]
[Black "Zeng, Chongsheng"]
[Result "1-0"]
[WhiteElo "2654"]
[BlackElo "2537"]
[Annotator "TA"]
[PlyCount "147"]
[EventDate "2017.??.??"]
[EventType "swiss"]
[EventCountry "LAT"]
[SourceTitle "playchess.com"]
[Source "ChessBase"]
[SourceQuality "1"]

{[%evp 15,147,45,41,37,47,32,54,53,58,61,57,55,58,45,53,39,46,43,49,40,38,38,35,39,28,7,0,0,0,-8,11,-6,-7,-29,-12,-37,-31,-44,0,-22,-25,-51,0,-33,-37,-186,-82,-161,-132,-132,-132,-131,-112,-137,-132,-150,-141,-132,-110,-143,-95,-95,-96,-232,-111,-142,-84,-234,-227,-234,-234,-233,-239,-235,-135,-126,-119,-96,-94,-355,-354,-223,0,0,0,0,0,0,0,0,418,382,393,389,389,361,364,356,342,274,261,362,356,0,0,0,0,0,0,0,0,0,0,0,0,0,20,0,191,0,12,0,0,0,0,51,61,0,0,0,475,433,12849,12850]} 1. d4 Nf6 2. c4 g6 3. Nc3 Bg7 4. e4 d6 5. Bd3 O-O 6. Nge2 c5 7. d5 e6 8. O-O Na6 {LiveBook: 21 Games} 9. Ng3 {E70: King's Indian: Miscellaneous lines with 4 e4, including 5 Nge2 and 5 Bd3 0-0 6 Nge2} (9. f3 Nc7 10. a4 b6 11. Bg5 a6 12. Qd2 exd5 13. exd5 Qd7 14. Ng3 Rb8 15. Rae1 Kh8 16. Bh6 Nfe8 17. Re2 Bd4+ {1-0 (32) Balog,I (2559)-Balla,T (2338) Arad 2016}) 9... Nc7 10. a4 e5 11. Bg5 $146 {White is slightly better.} ({Predecessor:} 11. f4 exf4 12. Bxf4 Ng4 13. Qd2 Bd4+ 14. Kh1 Nxh2 15. Bg5 Nxf1 16. Bxd8 Nxg3+ 17. Kh2 Be5 {0-1 (17) Silva,A (2210)-Silva,F (2335) Lisbon 1995}) 11... h6 12. Bd2 h5 13. Bg5 Qd7 14. Qd2 Na6 15. Rae1 Nb4 16. Bb1 Nh7 17. Bh6 Qe7 18. Bxg7 Kxg7 19. f4 Bd7 20. f5 {Nxh5+! is the strong threat.} Qg5 21. Re3 (21. f6+ $5 Kg8 22. Qxg5 Nxg5 23. h4 $11) 21... Nf6 22. h3 Qh6 (22... h4 $5 {[%cal Rh4g3]} 23. Nge2 Rg8 $11) 23. Nge2 h4 24. Nc1 Nh5 25. Nd3 Nxd3 26. Bxd3 Nf4 27. Kh2 Rg8 28. Ne2 Nxe2 (28... Bxa4 29. Nxf4 exf4 30. fxg6 $3 $18 {[%mdl 512]}) (28... Nh5 $1 $15) 29. f6+ Kh7 30. Qxe2 (30. Bxe2 $15 Bxa4 31. Bg4) 30... Bxa4 (30... g5 $1 $19 {and Black stays clearly on top.} 31. Qe1 g4 32. hxg4 Rxg4) 31. g3 (31. Qf2 $17 {keeps fighting.}) 31... Bd7 32. Qf2 g5 33. g4 Qf8 34. Ra1 Qd8 35. Bc2 a6 36. Rf3 Qb6 37. Ba4 Bc8 38. Qd2 Qc7 39. b4 (39. Rf2 $17 {was called for.}) 39... Kg6 (39... cxb4 $19 40. Qxb4 b5 $1 {[%mdl 512]}) 40. Rb1 Rb8 (40... cxb4 $142 $1 41. Qxb4 b5 $1 {[%mdl 512]} 42. cxb5 axb5) 41. Rfb3 (41. bxc5 $17 Qxc5 42. Rc1) 41... cxb4 $19 ({Worse is} 41... Kxf6 42. Rf1+ Kg6 43. Qf2 $11) 42. Rxb4 Bd7 43. Bxd7 Qxd7 44. Rb6 {[#]} Rgc8 (44... Qc7 $1 $19 45. R6b4 Qc5) 45. Rf1 $17 {[#]} Kh6 $1 ({Not} 45... Rxc4 $2 46. Rf5 $18) 46. Rf5 Rg8 47. Rb1 $2 {[%mdl 8192]} (47. c5 $17) 47... Rbc8 $19 48. Rbf1 Rxc4 $2 {[#]} (48... Qd8 $19 49. Rc1 Qb6) 49. Rxg5 $3 $40 {[%mdl 640] White mounts an attack.} Rxg5 50. Rf5 {[#]} Rc2 $1 {[%cal Rc2d2]} 51. Qxc2 Rxf5 52. gxf5 {[%mdl 4096] Endgame Threatening mate with Qg2. KQ-KQ} Kg5 $2 {[%mdl 8192]} (52... Qd8 $11 {and Black has nothing to worry.} 53. Qd2+ Kh5 54. Qe2+ Kh6 55. Qd2+ Kh7) 53. Qd2+ $18 Kxf6 54. Qh6+ Ke7 55. Qxh4+ f6 56. Qh7+ Kd8 57. Qh8+ Kc7 58. Qxf6 a5 59. Qg6 $2 (59. Qg5 $18) 59... a4 $11 60. f6 {Strongly threatening f7.} a3 61. f7 a2 $1 62. f8=Q {White threatens Qg1 and mate.} a1=Q 63. Qff5 Qb2+ 64. Kg3 {next Qxd7+ is good for White.} Qa3+ 65. Kg4 {Black must now prevent Qxd7+.} Qb5 66. Kg5 {aiming for Kf6.} Kb6 $2 (66... Qg3+ $11 67. Kf6 Qxg6+ 68. Qxg6 Qd7) 67. Qxe5 $2 ({Less strong is} 67. Qf2+ Ka6 $14) (67. Kf6 $18) 67... Qe3+ 68. Qf4 (68. Kh4 $5 {[%cal Rg6d6]} Qf2+ 69. Qgg3 Qxg3+ 70. Qxg3 $16) 68... Qxf4+ 69. Kxf4 {KQ-KQ} Qf1+ 70. Kg5 Kc5 $1 71. Qf5 ({Better is} 71. h4 $14) 71... Qg2+ 72. Kf6 b5 $2 {[%mdl 8192]} (72... Qg3 $1 $11) 73. e5 $18 {[%cal Be4e5,Be5e6][%mdl 32] Threatens to win with e6.} Qxd5 (73... Qg8 $142 74. Qf2+ Kc4) 74. e6 {Precision: White = 33%, Black = 56%.} 1-0

[Event "7th RTU Open 2017"]
[Site "Riga"]
[Date "2017.08.11"]
[Round "7"]
[White "Bogner, Sebastian"]
[Black "Valsecchi, Alessio"]
[Result "1-0"]
[WhiteElo "2600"]
[BlackElo "2493"]
[Annotator "TA"]
[PlyCount "67"]
[EventDate "2017.??.??"]
[EventType "swiss"]
[EventCountry "LAT"]
[SourceTitle "playchess.com"]
[Source "ChessBase"]
[SourceQuality "1"]

{[%evp 11,67,10,22,14,22,19,23,12,16,18,24,24,25,22,26,19,26,25,27,22,68,60,62,48,59,60,60,28,26,50,45,31,43,34,53,57,164,174,125,72,234,205,236,205,261,271,254,231,636,635,1510,1547,669,1462,1480,1441,1246,1227]} 1. e4 e5 2. Nf3 Nc6 3. Bc4 Bc5 4. O-O Nf6 5. d3 d6 6. c3 a6 7. Re1 {C54: Giuoco Piano: 4 c3 Nf6, main lines with 5 d4 and 5 d3} Ba7 (7... b5 $5 {[%cal Rb5c4]} 8. Bd5 Nxd5 9. exd5 Ne7 $11) 8. a4 h6 (8... O-O 9. h3 Ne7 10. Nbd2 Ng6 11. Nf1 c6 12. Bb3 d5 13. Ng3 Be6 14. exd5 Nxd5 15. d4 exd4 16. Nxd4 Qc7 17. Bxd5 Bxd5 18. Ndf5 {0-1 (29) Harikrishna,P (2737)-Bacrot,E (2715) Biel 2017}) 9. Na3 {White has an edge.} O-O 10. Nc2 Re8 11. Be3 Be6 12. Bxa7 Rxa7 13. Bxe6 Rxe6 14. Ne3 d5 $146 ({Predecessor:} 14... Ra8 15. b4 d5 {½-½ (30) Skripchenko,A (2455)-Khademalsharieh,S (2435) Khanty-Mansiysk 2016}) 15. Qc2 dxe4 16. dxe4 Ra8 17. a5 Ne7 18. Rad1 Qe8 19. Nd5 Nexd5 20. exd5 Re7 21. c4 e4 22. Nd4 $36 {[%mdl 2048] White has the initiative.} Qd7 23. Qb3 Rae8 (23... Ree8 $14) 24. Qxb7 $18 {Hoping for Nc6.} e3 {And now ...exf2+ would win.} 25. fxe3 ({White should play} 25. f3) 25... Ng4 $2 {[#]} (25... Rxe3 $16 26. Rf1 (26. Rxe3 Rxe3 27. Rf1 Qg4 $14) 26... Ne4) 26. Qc6 $1 (26. Qxa6 Nxe3 27. Rd2 Ng4 $11) 26... Qd8 27. e4 ({But not} 27. Qxa6 $6 Nxe3 28. Nc6 Nxd1 $16) 27... Rxe4 28. Rxe4 Rxe4 29. d6 $1 ({Weaker is} 29. Qxa6 Qe7 $11) 29... Re3 $2 (29... Rxd4 30. Rxd4 Qh4 31. Qe8+ Kh7 32. Qe4+ (32. Qxf7 Qxh2+ 33. Kf1 Qh1+ 34. Ke2 Qxg2+ 35. Ke1 Qg1+ 36. Qf1 Qe3+ 37. Qe2 Qg1+ 38. Qf1 Qg3+ 39. Kd2 Qe3+ 40. Kc2 Qxd4 $11) 32... g6) 30. Nf5 {White is clearly winning.} Qf6 31. Nxe3 Qf2+ 32. Kh1 {Qe8+ is the strong threat.} Qxe3 33. Qa8+ Kh7 {[#]} 34. Qf3 $1 {Precision: White = 78%, Black = 37%.} 1-0

[Event "7th RTU Open 2017"]
[Site "Riga"]
[Date "2017.08.11"]
[Round "7"]
[White "Kryakvin, Dmitry"]
[Black "Shoker, Samy"]
[Result "1/2-1/2"]
[WhiteElo "2583"]
[BlackElo "2472"]
[Annotator "TA"]
[PlyCount "60"]
[EventDate "2017.??.??"]
[EventType "swiss"]
[EventCountry "LAT"]
[SourceTitle "playchess.com"]
[Source "ChessBase"]
[SourceQuality "1"]

{[%evp 20,60,84,86,118,98,74,56,65,58,49,43,47,48,82,74,77,65,62,41,95,33,29,52,62,42,33,0,0,0,0,0,0,0,0,0,0,0,0,0,0,0,0]} 1. d4 d6 2. c4 Nf6 3. Nc3 g6 4. e4 Bg7 5. Be2 O-O 6. Bg5 h6 7. Be3 c5 8. d5 b5 9. cxb5 a6 10. a4 Qa5 11. Bd2 Qb4 {E74: King's Indian: Averbakh Variation: 6...c5} (11... axb5 12. Bxb5 Ba6 13. Nge2 Nbd7 14. O-O Ne5 15. b3 Qb6 16. Qc2 Rfb8 17. h3 Ne8 18. f4 Bxb5 19. Nxb5 {1-0 (40) Kryakvin,D (2560)-Belyakov,B (2470) Sochi 2017}) 12. Qc2 axb5 13. Bxb5 Ba6 {White is slightly better.} 14. f3 {Black must now prevent Nce2.} c4 15. Nge2 Nfd7 $146 ({Predecessor:} 15... Qc5 16. Qc1 Bxb5 17. Nxb5 Nbd7 18. Bc3 Ne5 19. Bxe5 dxe5 {1-0 (62) Melas,R (2108)-Sidi Mbareck,M (1947) Istanbul 2012}) 16. O-O Qc5+ 17. Kh1 Ne5 18. Nf4 Nbd7 19. Rab1 Rfc8 {[#]} ({Black should play} 19... Rfb8 $14) 20. Bxa6 ({White should try} 20. Bxd7 $1 $16 Nxd7 21. Qc1) 20... Rxa6 $14 21. Nce2 h5 22. Bc3 (22. a5 $5) 22... Qe3 23. Ra1 (23. Nxh5 $5 gxh5 24. Ng3 $11) 23... Nc5 {The position is equal.} 24. Ra3 {[#] And now Bd4 would win.} Ned3 {Hoping for ...Nf2+.} 25. Bxg7 Kxg7 26. g3 Nxe4 27. fxe4 Qxe4+ 28. Kg1 Qe3+ 29. Kh1 Qe4+ 30. Kg1 Qe3+ {Precision: White = 52%, Black = 67%.} 1/2-1/2

[Event "7th RTU Open 2017"]
[Site "Riga"]
[Date "2017.08.11"]
[Round "7"]
[White "Stocek, Jiri"]
[Black "Fedorovsky, Michael"]
[Result "1-0"]
[WhiteElo "2583"]
[BlackElo "2467"]
[Annotator "TA"]
[PlyCount "73"]
[EventDate "2017.??.??"]
[EventType "swiss"]
[EventCountry "LAT"]
[SourceTitle "playchess.com"]
[Source "ChessBase"]
[SourceQuality "1"]

{[%evp 23,73,0,0,0,0,0,77,77,137,86,309,285,270,266,244,210,210,192,230,218,205,202,205,202,281,182,194,159,207,222,260,258,291,194,281,277,345,343,383,402,394,395,741,375,864,672,1022,414,2406,2441,1545,1102]} 1. c4 c5 2. Nf3 Nc6 3. Nc3 g6 4. e3 Nf6 5. d4 cxd4 6. exd4 d5 7. cxd5 Nxd5 8. Bc4 Nb6 9. Bb3 Bg7 10. d5 Na5 11. O-O O-O 12. Re1 Bg4 13. h3 {D94: Grünfeld: 4 Nf3 Bg7 5 e3} Bxf3 14. Qxf3 Rc8 (14... Re8 $11) (14... Re8 15. Bg5 Nxb3 {½-½ (15) Levin,E (2505)-Alekseev,E (2636) St Petersburg 2016}) 15. Bg5 $1 $16 {[%cal Rg5e7] White is better.} Rc7 $146 (15... Bf6 $142 16. Bxf6 exf6) ({Predecessor:} 15... Bf6 16. Bxf6 exf6 17. Rad1 Rc7 18. d6 Rd7 19. Ne4 f5 20. Nc5 Rxd6 21. Rxd6 Qxd6 22. Nxb7 {½-½ (41) Szabo,B (2254)-Krutti,V (2347) Hungary 2016}) 16. Nb5 (16. Rad1 $142 {Strongly threatening d6!} h6 17. d6 $1 {[%mdl 512]} hxg5 18. dxc7 Qxc7 19. Qe3) 16... h6 $2 (16... Nxb3 $16 {keeps fighting.} 17. Qxb3 (17. axb3 Rd7 $16) 17... Rd7) 17. d6 $18 ({Don't do} 17. Nxc7 $6 hxg5 18. Nb5 Bxb2 $18) 17... hxg5 18. dxc7 Qd7 19. Nxa7 Qxc7 20. Nb5 {[%cal Ba7b5,Bb5c3,Bc3e4][%mdl 32]} Qc5 21. Nc3 e6 22. Rac1 Nxb3 23. axb3 Qb4 24. Ne4 Nd5 {[%cal Bb6d5,Bd5f4,Bf4d3][%mdl 32]} 25. Nxg5 Bh6 {[#]} 26. Qg3 $1 Nf4 27. Rcd1 Rc8 28. Kh1 Bxg5 (28... Nh5 {was necessary.} 29. Qe5 Qxb3) 29. Qxg5 Nd3 30. Rf1 Qxb3 31. Rd2 e5 32. Qe3 Rd8 $2 (32... Nc5 33. Qxe5 Qe6) 33. f3 f5 $2 (33... Rd4 34. Ra1 Qd5) 34. Qg5 Rd6 {[#]} 35. Qe7 (35. Rc1 $142 $1 {[%mdl 512] Black must now prevent Rc8+.} Qe6 (35... Nxc1 36. Rxd6) 36. Rc7) 35... Qb6 (35... Rd4 $142 36. Ra1 Qf7 37. Ra8+ Kg7) 36. Ra1 {Threatening mate with Ra8+.} Qd8 37. Qxb7 {Precision: White = 61%, Black = 23%.} 1-0

[Event "7th RTU Open 2017"]
[Site "Riga"]
[Date "2017.08.11"]
[Round "7"]
[White "Neiksans, Arturs"]
[Black "Gluhovsky, Mark"]
[Result "1-0"]
[WhiteElo "2582"]
[BlackElo "2281"]
[Annotator "TA"]
[PlyCount "129"]
[EventDate "2017.??.??"]
[EventType "swiss"]
[EventCountry "LAT"]
[SourceTitle "playchess.com"]
[Source "ChessBase"]
[SourceQuality "1"]

{[%evp 10,129,18,15,32,22,34,17,35,14,12,14,18,0,0,2,0,0,-9,-13,-13,-25,16,20,11,17,14,34,3,0,0,-43,-35,-60,0,-18,0,0,19,0,0,0,0,0,158,144,136,100,137,137,125,137,145,140,196,196,202,210,236,233,258,175,140,110,244,237,281,235,256,241,268,275,297,289,344,348,396,281,1054,193,220,202,198,193,399,399,390,378,375,378,661,655,637,635,602,591,916,517,535,535,506,453,915,903,837,839,801,779,629,586,1239,985,1152,853,1404,1365,4133,3868,2610,2177,9829,8246]} 1. e4 c5 2. Nf3 Nc6 3. Bb5 g6 4. O-O Bg7 5. Nc3 e5 6. Bc4 {LiveBook: 9 Games. B31: Sicilian: 2...Nc6 3 Bb5 g6} (6. a3 Nge7 7. b4 d6 8. bxc5 dxc5 9. d3 O-O 10. Bc4 Nd4 11. h3 Be6 12. Nd2 Qd7 13. a4 b6 14. Bxe6 Qxe6 {½-½ (32) Wei,Y (2737)-Yu,Y (2734) Shenzhen 2015}) 6... h6 7. d3 d6 8. h3 {White is slightly better.} Nf6 9. Nd5 $146 ({Predecessor:} 9. a3 O-O 10. Rb1 a5 11. a4 Qe7 12. Re1 Nb4 {½-½ (30) Zetocha,C (2418)-Pal,P (2239) Slovakia 2002}) 9... O-O 10. Nxf6+ Qxf6 11. Nh2 Kh7 12. c3 Qe7 13. Be3 f5 14. exf5 Bxf5 15. Nf3 d5 16. Bxd5 Rad8 17. Bxc6 bxc6 18. Qa4 Bxd3 19. Nd2 e4 20. Nb3 c4 21. Na5 Rd5 (21... Rb8 $15) 22. Nxc4 (22. Nxc6 Qd7 $19) 22... Rh5 23. Nd2 Qe6 (23... Bb5 $5 {[%cal Rb5a4]} 24. Qxa7 Qxa7 25. Bxa7 Bxf1 26. Kxf1 Rb5 $11) 24. Rfe1 (24. Bxa7 Ra8 $17) (24. Qb3 $5 {[%cal Rb3e6]} Qe7 25. Rfd1 $11) 24... Rxh3 25. Bd4 $1 {[%cal Rd4g7] Bxg7 is the strong threat.} (25. Qxa7 Rh5 $17) 25... Rh4 {aiming for ...Qf5.} 26. Bxg7 $1 Rg4 $2 {[#]} (26... Qd6 $1 $11 27. g3 Rxf2) 27. Re3 $1 $16 (27. Bxf8 Rxg2+ 28. Kxg2 Qg4+ 29. Kh2 Qh5+ 30. Kg1 Qg4+ 31. Kh2 Qh5+ 32. Kg3 Qg5+ 33. Kh3 Qf5+ 34. Kg3 Qg5+ 35. Kh3 Qf5+ 36. Kg3 Qg5+ $11) 27... Kxg7 28. Rae1 $36 {[%mdl 2048] Keeping Black busy.} Qf5 {[#]} 29. Qd4+ $1 ({Much worse is} 29. Qxa7+ $6 Kg8 $11) (29. Nxe4 $6 Rxe4 30. Rxe4 Qxf2+ 31. Kh2 Bxe4 $11) 29... Kg8 30. Nxe4 Bxe4 31. Rxe4 Rxe4 (31... c5 $16 {keeps fighting.} 32. Qc4+ Kh8 33. Rxg4 Qxf2+ 34. Kh2 Qxe1 35. Qxc5 Rd8) 32. Rxe4 {[%mdl 4096] Endgame KQR-KQR} ({Stronger than} 32. Qxe4 Qxf2+ 33. Kh2 Kg7 $11) 32... c5 33. Qe3 Rf7 34. g3 h5 35. Kg2 Qd5 36. c4 Qc6 (36... Qb7 $16 {might work better.}) 37. Kg1 $18 {Black must now prevent Re6.} Qd6 38. Qe2 {And now Re6 would win.} Kh7 39. b3 Kg7 40. Re5 Qd4 41. Rd5 Qa1+ 42. Kg2 Rc7 43. Qe8 Rf7 $2 (43... Qf6 44. Qe3 Qc6 45. Qe5+ Kf7) 44. Qe5+ $2 (44. Rd8 {[%csl Gd8][%cal Re8h8]} Rxf2+ 45. Kxf2 Qb2+ 46. Kg1 Qb1+ 47. Kg2 Qc2+ 48. Kf1 Qb1+ 49. Ke2 Qb2+ 50. Rd2) 44... Qxe5 45. Rxe5 {KR-KR} Rc7 46. Re6 Kh6 $2 (46... g5 {was worth a try.} 47. f4 Rd7) 47. f4 Rd7 48. Kh3 Rd2 49. Ra6 Rf2 $2 (49... Rd7 50. f5 Kg5 51. Rxg6+ Kxf5) 50. Rxa7 {White is clearly winning.} Rb2 51. Ra5 Kg7 52. Rxc5 Rxa2 53. Rc6 Rb2 54. Rb6 Rc2 55. g4 hxg4+ (55... Kf7 $142 56. f5 hxg4+ 57. Kxg4 gxf5+ 58. Kxf5 Ke7) 56. Kxg4 Kf7 57. Rb5 Rc1 58. c5 Rg1+ 59. Kf3 Rf1+ 60. Ke3 Re1+ 61. Kd3 Rd1+ 62. Ke4 Re1+ 63. Kd5 Rd1+ 64. Kc6 Rd4 65. Kb7 {Precision: White = 65%, Black = 30%.} 1-0

[Event "7th RTU Open 2017"]
[Site "Riga"]
[Date "2017.08.11"]
[Round "7"]
[White "Kulaots, Kaido"]
[Black "Thybo, Jesper Sondergaard"]
[Result "1-0"]
[WhiteElo "2577"]
[BlackElo "2464"]
[Annotator "TA"]
[PlyCount "59"]
[EventDate "2017.??.??"]
[EventType "swiss"]
[EventCountry "LAT"]
[SourceTitle "playchess.com"]
[Source "ChessBase"]
[SourceQuality "1"]

{[%evp 16,59,2,0,0,0,17,2,5,7,0,-14,1,-11,-6,0,-4,0,-14,-20,16,-39,12,10,79,5,52,0,44,47,28,23,104,107,110,96,132,113,779,800,635,573,29995,29996,29996,29997]} 1. e4 e5 2. Nf3 Nc6 3. Bc4 Bc5 4. d3 Nf6 5. O-O d6 6. c3 a5 {C54: Giuoco Piano: 4 c3 Nf6, main lines with 5 d4 and 5 d3} (6... Be6 7. Bxe6 fxe6 8. b4 Bb6 9. Nbd2 a6 10. a4 Qd7 11. Ba3 Ba7 12. b5 Na5 13. Bb4 Bb6 14. Rb1 O-O {1-0 (39) Fedoseev,V (2726)-Wang,Y (2699) Dortmund 2017}) 7. a4 h6 8. Na3 O-O 9. Re1 {LiveBook: 3 Games} Ne7 10. Nc2 Ng6 11. Be3 Bxe3 12. Nxe3 c6 13. Bb3 Re8 14. g3 $146 ({Predecessor:} 14. Bc2 d5 15. Nf5 Qc7 {0-1 (46) Mammadova,G (2364)-Muzychuk,A (2561) Novi Sad 2016}) 14... Bh3 15. Nd2 d5 16. exd5 cxd5 17. d4 e4 18. Qe2 (18. f3 $11) 18... Qd6 (18... Ra6 $15) 19. f3 h5 (19... exf3 $11 {remains equal.} 20. Qxf3 Be6) 20. Qf2 ({White should play} 20. fxe4 $16 {Strongly threatening e5.} dxe4 21. Qb5) 20... Rad8 21. Re2 ({Better is} 21. fxe4 $14 dxe4 22. Bc4) 21... h4 22. fxe4 dxe4 23. Rae1 hxg3 (23... Qd7 $11) 24. hxg3 $16 Re7 25. Qh2 $36 {[%mdl 2048] White is really pushing.} Be6 26. Rf1 {And now Rxf6! would win.} Rde8 $2 {[%mdl 8192] [#]} (26... Bxb3 $16 27. Nxb3 Qc6) 27. Rxf6 $1 $18 {[%mdl 512]} gxf6 28. Nxe4 {Threatening mate with Qh6.} Qd8 {and the idea ...Kg7 leaves Black hopeful.} 29. Qh6 {[%cal Re4f6]} Rc7 {[#]} 30. Nf5 $1 {[%mdl 512] Precision: White = 51%, Black = 34%.} 1-0

[Event "7th RTU Open 2017"]
[Site "Riga"]
[Date "2017.08.11"]
[Round "7"]
[White "Alekseenko, Kirill"]
[Black "Hambleton, Aman"]
[Result "1/2-1/2"]
[WhiteElo "2575"]
[BlackElo "2461"]
[Annotator "TA"]
[PlyCount "152"]
[EventDate "2017.??.??"]
[EventType "swiss"]
[EventCountry "LAT"]
[SourceTitle "playchess.com"]
[Source "ChessBase"]
[SourceQuality "1"]

{[%evp 20,152,13,0,0,-34,12,12,8,13,16,-15,0,0,0,-14,-10,-17,-25,-12,-6,-1,0,0,6,0,0,0,0,0,0,0,0,0,0,0,0,0,0,0,0,0,0,0,0,-17,0,0,0,0,0,0,0,0,0,0,0,0,0,0,0,0,13,0,0,0,0,0,0,0,0,-108,-119,-67,-106,-107,-33,-44,0,-125,0,-44,-44,-43,11,11,11,12,23,23,23,23,23,23,23,8,8,8,8,8,18,18,18,8,8,8,8,8,19,25,26,26,35,33,41,18,179,179,209,209,151,48,477,477,477,477,477,0,0,0,0,0,0,-8,-8]} 1. d4 Nf6 2. Nf3 e6 3. c4 b6 4. g3 Ba6 5. Qc2 Bb7 6. Bg2 c5 7. d5 {E15: Queen's Indian: 4 g3 sidelines, 4 g3 Ba6 and 4 g3 Bb7 early deviations} exd5 8. cxd5 Nxd5 9. O-O Be7 10. Rd1 Nc6 11. Qf5 {LiveBook: 58 Games} (11. Rxd5 $2 Nb4 $19) (11. Qa4 $5 {[%cal Rd1d5]} Nf6 12. e4 $11) 11... Nf6 12. Nc3 d5 $146 ({Predecessor:} 12... O-O 13. e4 g6 14. Qh3 h5 15. Nd5 Nxd5 16. Rxd5 Nd4 17. Rxd7 Bc8 18. Rxd8 Rxd8 19. Nxd4 Bxh3 20. Bxh3 Rxd4 {0-1 (20) Ramirez,A (2554)-Gareev,T (2663) Las Vegas 2012}) 13. Nxd5 Nxd5 14. Ng5 Bxg5 $1 15. Rxd5 (15. Bxd5 {with more complications.} O-O 16. Bxg5 Qc8 17. Qxc8 Raxc8 18. Rd2) 15... Qc8 16. Qxc8+ Rxc8 17. Rxg5 O-O 18. Bd2 f6 19. Rh5 Rcd8 20. Bc3 g6 21. Rh4 Rd7 22. Rf4 f5 23. h4 Nd8 24. Bxb7 Nxb7 25. g4 Nd8 26. gxf5 Rxf5 27. Rxf5 gxf5 $11 {[%mdl 4096] Endgame KRB-KRN} 28. e3 b5 29. a3 Kf7 30. Kf1 Nc6 31. Ke2 a5 32. Bd2 a4 33. Rg1 Ne5 34. Bc3 Nc4 35. Rg5 Ke6 36. e4 fxe4 37. Rxc5 Rd5 38. Rc6+ Rd6 39. Rc8 h5 40. Rf8 Rd3 41. Rf4 Rh3 42. Rxe4+ Kd5 43. Rd4+ Kc6 $1 44. Kf1 {With the idea Kg2.} Nxa3 $1 45. Rd8 (45. Kg2 $11 Rxc3 46. bxc3) 45... Nc4 $17 46. Rc8+ Kd5 47. Rd8+ Kc5 ({Black should try} 47... Ke6 $17 48. Re8+ Kd7) 48. Rc8+ $15 Kd5 49. Rb8 (49. Rd8+ $11 Kc6 50. Rc8+ Kd7 51. Rb8) 49... Kc6 ({Don't play} 49... Rxh4 $6 50. Rxb5+ Kc6 51. Rb8 $11) (49... Nd6 $17 50. Bg7 Kc6) 50. Rc8+ Kd7 51. Rc5 Nd6 (51... a3 $15 52. bxa3 Rxc3 53. Rxb5 Ke6 54. Rxh5 Rxa3) 52. Rxh5 $11 a3 53. Kg2 a2 54. Rh7+ Ke6 55. Ra7 Rxh4 56. Rxa2 Ra4 57. Rxa4 bxa4 {KB-KN} 58. Kf3 Kd5 59. Ke3 Ne4 (59... a3 $5) 60. Bb4 Nf6 61. Ba3 (61. Be7 $5 {[%cal Re7f6]} Ng4+ 62. Ke2 $16) 61... Ng4+ 62. Ke2 Ne5 63. f4 Nc6 (63... Nc4 {looks sharper.} 64. Kf3 Ke6 65. Ke4 Nd2+ 66. Kd3 Nf1) 64. Kd3 Nd4 65. Bb4 Nf5 66. Bc3 Nd6 67. Bd4 (67. Be5 $5 {[%cal Re5d6]} a3 68. b3 $16 (68. bxa3 Nc4 $11)) 67... Nb5 $2 (67... Nc4 $11) 68. Be5 $18 Na7 {[#]} 69. Kc3 $1 Nc6 70. Bc7 (70. Bf6 $16) 70... Nd4 $2 {[%mdl 8192] [#]} ({Black should play} 70... Kc5 $1 $14) 71. Kb4 $1 a3 72. bxa3 Ne6 73. Bb6 $2 (73. Be5 $18 {And now Kb5 would win.} Nxf4 74. Bb8 (74. Bxf4 Kc6 $18)) 73... Nxf4 $11 {The position is equal.} 74. Kb5 Ne2 75. Ba5 Nd4+ 76. Kb6 Kc4 {Precision: White = 64%, Black = 55%.} 1/2-1/2